[Event "Palau 3rd"]
[Site "Koror"]
[Date "2011.12.15"]
[Round "2"]
[White "Manuel, Menandro"]
[Black "Anzawa, George"]
[Result "1-0"]
[WhiteElo "1891"]
[BlackElo "1398"]
[PlyCount "51"]
[EventDate "2011.12.14"]
[EventType "tourn"]
[EventRounds "9"]
[EventCountry "AUS"]
[SourceTitle "CBM 146 Extra"]
[Source "ChessBase"]
[SourceDate "2012.02.29"]
[SourceVersion "1"]
[SourceVersionDate "2012.02.29"]
[SourceQuality "1"]

1. e4 e5 2. Nf3 Nc6 3. Bb5 Nf6 4. 0-0 Bc5 5. d3 0-0 6. c3 a6 7. Ba4 d6 8. h3 d5 9. Qe2 Be6 10. Bg5 Be7 11. Nbd2 d4 12. Bxc6 bxc6 13. Nxe5 c5 14. Nc6 Qd6 15. Nxe7+ Qxe7 16. e5 dxc3 17. bxc3 Rab8 18. exf6 gxf6 19. Bh6 Rfe8 20. Rab1 Rb6 21. Rxb6 cxb6 22. f4 f5 23. Qf3 Bxa2 24. Qg3+ Qg5 25. Qxg5+ Kh8 26. Qg7# 1-0